| 000 | 00623nam a2200193 a 4500 | ||
|---|---|---|---|
| 008 | 120416s2000 ||||||||||||||||| || u | ||
| 020 | _a0340742089 | ||
| 050 | _aRC 858.C95 Cys | ||
| 100 | _aHodson, M. E | ||
| 245 | 1 | 0 | _aCystic fibrosis. (2nd ed.) |
| 246 | _aM. E. Hodson | ||
| 250 | _a2nd ed. | ||
| 260 |
_aLondon: _bArnold _c2000 |
||
| 300 | _aix, 477p. : ill. | ||
| 350 | _a0.00 | ||
| 650 | _aCYSTIC FIBROSIS | ||
| 700 | _aGeddes, D. M | ||
| 995 |
_D0.00 _FCBU-MAIN LIBRARY (Kitwe) _H1 _I40.00 _M1 _UAVAILABLE _WApr 19, 2007 _ZMain Library Open Access Collection |
||
| 999 |
_c39350 _d39350 |
||